| 000 | 00850cam a22002531 4500 | ||
|---|---|---|---|
| 001 | 000013378 | ||
| 005 | 20200929163218.0 | ||
| 008 | 720207s1962 onc b 000 0 eng | ||
| 010 | _a62052804 | ||
| 035 | _a(OCoLC)234932 | ||
| 040 |
_aDO-SdBNP _cODaWU _dOCoLC _dNcRS _dDLC |
||
| 042 | _apremarc | ||
| 050 | 0 | 0 |
_aHD1927 1962 _b.M2 |
| 100 | 1 |
_aMcCrone, Gavin. _930611 |
|
| 245 | 1 | 4 |
_aThe economics of subsidising agriculture; : _ba study of British policy. With a foreword by E.F. Nash. |
| 260 |
_a[Toronto] : _bUniversity of Toronto Press, _c[1962]. |
||
| 300 |
_a189 p. ; _c23 cm. |
||
| 490 | 0 |
_aUniversity of Glasgow social and economic studies, New series, _v1 |
|
| 504 | _aIncludes bibliography. | ||
| 650 | 0 |
_aAgriculture and state _zGreat Britain. _930612 |
|
| 910 | _aCatalogación por copia / LC | ||
| 082 | _a338.10942 | ||
| 049 | _aDC | ||
| 999 |
_c13004 _d13004 |
||